000
00331nam a2200133Ia 4500
008
150301s2015 xx 000 0 und d
082
_a
615.19
_b
H10J
100
_a
PREM KUMAR JAUSWAL
245
_a
HIGH PERFORMANCE THIN LAYER CHROMATOGRAPHY
260
_b
CBS- DELHI
300
_a
385
650
_a
CHROMATOGRAPHY
942
_2
ddc
_c
BK
999
_c
7235
_d
7235